Structure and dynamics of the interstellar medium (Record no. 9839)

MARC details
000 -LEADER
fixed length control field 00776nam a2200229Ia 4500
003 - CONTROL NUMBER IDENTIFIER
control field IN-BaIIA
008 - FIXED-LENGTH DATA ELEMENTS--GENERAL INFORMATION
fixed length control field 211028s9999 xx 000 0 eng d
020 ## - INTERNATIONAL STANDARD BOOK NUMBER
International Standard Book Number 3-540-51956-4
040 ## - CATALOGING SOURCE
Transcribing agency IIA Library
080 ## - UNIVERSAL DECIMAL CLASSIFICATION NUMBER
Universal Decimal Classification number 082.2:52
Item number IAU-C120
245 #0 - TITLE STATEMENT
Title Structure and dynamics of the interstellar medium
Statement of responsibility, etc. edited by G. Tenorio-Tagle, M. Moles and J. Melnick
260 ## - PUBLICATION, DISTRIBUTION, ETC.
Place of publication, distribution, etc. Berlin
Name of publisher, distributor, etc. Springer-Verlag
Date of publication, distribution, etc. 1989
300 ## - PHYSICAL DESCRIPTION
Extent xxi, 537p.
490 ## - SERIES STATEMENT
Series statement IAU Colloquium; no.120
650 ## - SUBJECT ADDED ENTRY--TOPICAL TERM
Topical term or geographic name entry element Astronomy and Astrophysics Thesaurus
650 ## - SUBJECT ADDED ENTRY--TOPICAL TERM
Topical term or geographic name entry element Interstellar Matter
9 (RLIN) 1189
650 ## - SUBJECT ADDED ENTRY--TOPICAL TERM
Topical term or geographic name entry element Interstellar medium
9 (RLIN) 3375
650 ## - SUBJECT ADDED ENTRY--TOPICAL TERM
Topical term or geographic name entry element Molecular clouds
9 (RLIN) 11776
700 ## - ADDED ENTRY--PERSONAL NAME
Personal name Moles, M., ed.
9 (RLIN) 16670
700 ## - ADDED ENTRY--PERSONAL NAME
Personal name Tenorio-Tagle, G., ed.
9 (RLIN) 16671
942 ## - ADDED ENTRY ELEMENTS (KOHA)
Koha item type Books
Holdings
Withdrawn status Lost status Damaged status Not for loan Home library Current library Shelving location Date acquired Cost, normal purchase price Total Checkouts Full call number Barcode Date last seen Cost, replacement price Price effective from Koha item type Purchase Price
        IIA Library-Bangalore IIA Library-Bangalore General Stacks   1276.00   082.2:52/ IAU-C120 10749 05/11/2021 1276.00   Books Rs. 1276

Powered by Koha